| 000 | 00712nam a2200217 a 4500 | ||
|---|---|---|---|
| 008 | 120416s2001 ||||||||||||||||| || u | ||
| 020 | _a0582477409 | ||
| 050 | _aHF 5635 Woo | ||
| 100 | _aWood, Frank | ||
| 245 | 1 | 0 | _aFrank Wood's A-level accounting |
| 246 | _aG. C. E. year 2 | ||
| 250 | _a3rd ed. | ||
| 260 |
_aHarlow _bPrentice Hall _c2001 |
||
| 300 | _aix, 574p. : ill. | ||
| 350 | _a0.00 | ||
| 500 | _aPrevious ed.: London, Pitman, 1998. | ||
| 650 | 0 | _aACCOUNTING--HANDBOOKS, MANUALS, ETC | |
| 650 | _aTEXTBOOKS | ||
| 700 | _aSangster, Alan | ||
| 995 |
_D0.00 _FCBU-MAIN LIBRARY (Kitwe) _H1 _I45.00 _M1 _ULOST _ZMain Library Open Access Collection |
||
| 999 |
_c43971 _d43971 |
||